1812 1926 1661 1544 1649 1039 1148 1568 1158 1422 1385 1032 1260 1428 1328 1786 1021 1528 1719 1826 1293 1476 1639 1728 1159 1599 1014 1968 1742 1452 1374 1209 1949 1078 1810 1034 1770 1543 1555 1206 1422 1259 1437 1712 1622 1248 1401 1391 1194 1016 1374 1106 1561 1553 1922 1831 1564 1779 1315 1178 1654 1933 1884 1404 1794 1081 1471 1311 1838 1148 1623 1101 1067 1187 1371 1320 1793 1080 1577 1754 1906 1539 1023 1409 1715 1620 1537 1525 1602 1988 1077 1999 1561 1546 1565 1510 1135 1848 1901 BCNSPRNW ULIB Ver.6.0+V

เปลี่ยนเป็นภาษาไทย

Change to English
 แสดงรายละเอียดบรรณานุกรม
  กลับหน้าหลัก

Brief Record : Get Marc (ISO 2709) : E-mail record : QR code < ปิดหน้าต่าง
LEADER : 00000nam 2200000uu 4500
001    13399110183
003     ULIB
008    110425s2551||||th 000 0 tha d
020    9789741096558
060 04 WK810^bส293น 2551
245 00 แนวทางเวชปฏิบัติสำหรับโรคเบาหวาน พ.ศ. 2551 /^cจัดทำโดยสมาคมโรคเบาหวานแห่งประเทศไทย, สมาคมโรคต่อมไร้ท่อแห่งประเทศไทย, สำนักงานหลักประกันสุขภาพแห่งชาติ ; คณะทำงานจัดทำ, วรรณี นิธิยานันท์ ... [และคนอื่นๆ]
250    พิมพ์ครั้งที่ 1
260    กรุงเทพฯ :^bรุ่งศิลป์การพิมพ์,^c2551
300    ก-ซ, 75 หน้า :^bภาพประกอบ ;^c30 ซม.
650  7 เบาหวาน^xการรักษา
700 0  วรรณี นิธิยานันท์
710 2  สมาคมโรคเบาหวานแห่งประเทศไทย
710 2  สมาคมโรคต่อมไร้ท่อแห่งประเทศไทย
710 2  สำนักงานหลักประกันสุขภาพแห่งชาติ
945    ^p0^l0^i025743
945    ^p0^l0^i025742
995    ทศพร
999 ^a ใช้งานได้ทุกระบบ
รายการนี้ยังไม่มีแท็ก
คุณยังไม่ได้ล็อกอิน คุณสามารถมีกิจกรรมร่วมกับเว็บไซต์ได้ แต่ต้องล็อกอินก่อน ::
  ล็อกอิน

รายการสื่อสารสนเทศ

ลำดับที่ ประเภท เลขเรียก/บาร์โค้ด สถานที่ สถานะ
- ไม่พบข้อมูล -

รายการใกล้เคียง
    หัวเรื่อง [เบาหวาน การรักษา]

BibComment


ยังไม่เคยถูกคอมเมนท์

คอมเมนท์ทรัพยากรรายการนี้
  คอมเมนท์: แนวทางเวชปฏิบัติส..


 Copyright 2026. Bcnsprnw @Library